| 000 | 02581cam a2200373 a 4500 | ||
|---|---|---|---|
| 001 | 15882418 | ||
| 005 | 20100217123737.0 | ||
| 008 | 090826s2009 enka |rb 001 0 eng | ||
| 010 | _a 2009502275 | ||
| 015 |
_aGBA955846 _2bnb |
||
| 016 | 7 |
_a015285013 _2Uk |
|
| 020 | _a9780521759885 (pbk.) | ||
| 035 | _a(OCoLC)ocn308195450 | ||
| 040 |
_aUKM _cUKM _dBTCTA _dCRU _dBWK _dBWX _dSDB _dDLC |
||
| 042 |
_aukscp _alccopycat |
||
| 050 | 0 | 0 |
_aJZ1320 _b.G565 2005 |
| 082 |
_222 _a327.114 _bGLO |
||
| 245 | 0 | 0 |
_aGlobalising the Regional, Regionalising the Global / _cEdited by Rick Fawn. |
| 260 |
_aCambridge ; _aNew York : _bCambridge University Press, 2009 _c2009. |
||
| 300 |
_avi, 261 p. : _bill. ; _c25 cm. |
||
| 500 | _aOriginally published as: Review of international studies ; v. 35, Special issue, February 2009. | ||
| 504 | _aIncludes bibliographical references and index. | ||
| 505 | 0 | _a'Regions' and their study: where from, what for and whereto? / Rick Fawn -- Regional hierarchy: authority and local international order / David A. Lake -- When security community meets balance of power: overlapping regional mechanisms of security governance / Emanuel Adler, Patricia Greve -- Between the revisionist state and the frontier state: regional variations in state war-propensity / Benjamin Miller -- The resurgence of the 'region' and 'regional identity': theoretical perspectives and empirical observations on regional dynamics in Europe / Anssi Paasi -- The contradictions of regionalism in North America / Ann Capling, Kim Richard Nossal -- Latin America: contrasting motivations for regional projects / Diana Tussie -- The southern African security order: regional economic integration and security among developing states / James J. Hentz -- East Asian regionalism: much ado about nothing? / John Ravenhill -- The Commonwealth of Independent States: an example of failed regionalism? / Paul Kubicek. | |
| 650 | 0 |
_aGlobalization _xPolitical aspects. _912452 |
|
| 650 | 0 |
_aRegionalism (International organization) _912453 |
|
| 650 | 0 |
_aInternational organization. _912454 |
|
| 650 | 0 |
_aInterregionalism. _912455 |
|
| 650 | 0 |
_aSecurity, International. _912456 |
|
| 700 | 1 |
_aFawn, Rick. _912457 |
|
| 730 | 0 |
_aReview of international studies. _nv. 35 (Special issue) _912458 |
|
| 942 |
_2ddc _cBB |
||
| 999 |
_c13628 _d13628 |
||